| 000 | 00461nam a22001817a 4500 | ||
|---|---|---|---|
| 003 | CEME | ||
| 005 | 20210628210551.0 | ||
| 008 | 210210b xxu||||| |||| 00| 0 eng d | ||
| 020 | _a0-582-06003-6 | ||
| 040 | _c. | ||
| 082 | _a537.5 HIG | ||
| 100 |
_aMay, A.J.C Higgins, R _979976 |
||
| 245 | _aInvestigating electronics | ||
| 260 |
_aENGLAND _bLONGMAN SCIENTIFIC AND TECHNICAL _c1991 |
||
| 300 | _a124P | ||
| 650 |
_aELECTRONICS _912518 |
||
| 942 |
_cBK _2ddc |
||
| 999 |
_c584954 _d584954 |
||